000 02400nam a2200313Ia 4500
003 OSt
005 20220622143526.0
008 191128t2013 ck ad fr 000 0 spa d
020 _a9789806810679
040 _aCO-JMCR
_cCO-JMCR
041 0 _aspa
082 0 4 _a334.07 /
_bB213e
_223
100 1 _aGarcía, Nidia,
_eautora
_913081
245 1 3 _aLa educación financiera en América Latina y el Caribe :
_bsituación actual y perspectivas /
_cNidia García, Andrea Grifoni, Juan Carlos López y [1 más]
260 _a[Bogotá] :
_bBanco de Desarrollo de América Latina,
_c©2013
300 _a90 Páginas :
_bgráficas ;
_c27 cm.
490 0 _aPolíticas públicas y transformación productiva ;
_v12
500 _aIncluye notas a pie de página.
504 _aBibliografía: páginas 85-90
505 0 _aAmérica Latina y el Caribe: contexto y justificación de las políticas de educación financiera -- Políticas y programas de educación financiera en la región
520 3 _aLas autoridades públicas de la región han desarrollado programas que se basan en la complementariedad entre al educación financiera, y la inclusión y el desarrollo del capital social. Un ejemplo reciente de esta dinámica es la inclusión de la educación financiera en los programas de transferencias monetarias condicionadas. La encuesta regional analizada en este documento ha permitido identificar prácticas innovadoras y ejemplos relevantes de la cooperación interinstitucional, así como la existencia de algunas estrategias nacionales orientadas a la promoción de la educación financiera, las cuales han contado con un importante apoyo político. Sin embargo, la investigación concluye que las necesidades en materia de educación financiera de la población no son iguales para todos los países de la región, por lo cual es necesario un mayor esfuerzo en términos de medición. Esto, junto con una evaluación de impacto más completa de los programas existentes, ayudaría a diseñar e implementar programas de educación financiera más eficaces y a generar resultados medibles.
546 _as
650 1 4 _aPolíticas públicas
_zAmérica Latina
_96179
650 1 4 _aInclusión social
_zAmérica Latina
_96180
650 1 4 _aEducación
_zAmérica Latina
_96181
700 1 _aGrifoni, Andrea,
_eautora
_913082
700 1 _aLópez, Juan Carlos,
_eautor
_913083
942 _2ddc
_cBK
999 _c3799
_d3799